000 00638nam a2200193Ia 4500
003 GCL
008 140319s9999 xx 000 0 ara d
040 _aGCL /
_cGCL
082 0 4 _a953
_bم م
100 1 _aمحمد منير سعد الدين
245 1 0 _aالمدرسة الاسلامية فى العصور الوسطى /
_cمحمد منير سعد الدين
300 _a182 ص
490 _aسلسلة الكتاب التربوية الاسلامية
_v0
650 0 4 _aالتعليم
650 0 4 _aالتاريخ الاسلامى
650 0 4 _aالمدارس
650 0 4 _aالحضارة الاسلامية
942 _2ddc
_cBK
999 _c43508
_d43508